Statistics for Tony Award for Best Original Score

Click here to take the quiz!

General Stats

  • This quiz has been taken 82 times
  • The average score is 38 of 60

Answer Stats

YearComposer/LyricistAnswer% Correct
2016Lin-Manuel MirandaHamilton
100%
2013Cyndi LauperKinky Boots
93%
1983Andrew Lloyd Webber & T.S. EliotCats
90%
1971Stephen SondheimCompany
88%
2017Benj Pasek & Justin PaulDear Evan Hansen
88%
2008Lin-Manuel MirandaIn the Heights
88%
1988Stephen SondheimInto the Woods
88%
1967John Kander & Fred EbbCabaret
85%
2019Anaïs MitchellHadestown
85%
1987Claude-Michel Schönberg, Herbert Kretzmer & Alain BoublilLes Misérables
85%
1996Jonathan LarsonRent
85%
2011Robert Lopez, Trey Parker & Matt StoneThe Book of Mormon
85%
2001Mel BrooksThe Producers
83%
2004Robert Lopez & Jeff MarxAvenue Q
76%
2003Marc Shaiman & Scott WittmanHairspray
76%
1949Cole PorterKiss Me, Kate
76%
1979Stephen SondheimSweeney Todd
76%
2018David YazbekThe Band's Visit
76%
1973Stephen SondheimA Little Night Music
73%
1976Marvin Hamlisch & Edward KlebanA Chorus Line
71%
2000Elton John & Tim RiceAida
71%
1977Charles Strouse & Martin CharninAnnie
71%
2015Jeanine Tesori & Lisa KronFun Home
71%
2012Alan Menken & Jack FeldmanNewsies
71%
2009Tom Kitt & Brian YorkeyNext to Normal
71%
1950Richard Rodgers & Oscar Hammerstein IISouth Pacific
68%
1980Andrew Lloyd Webber & Tim RiceEvita
66%
1972Stephen SondheimFollies
66%
1964Jerry HermanHello, Dolly!
66%
1999Jason Robert BrownParade
66%
2007Duncan Sheik & Steven SaterSpring Awakening
66%
1995Andrew Lloyd Webber, Don Black & Christopher HamptonSunset Boulevard
66%
1997Maury YestonTitanic
66%
1994Stephen SondheimPassion
63%
1998Stephen Flaherty & Lynn AhrensRagtime
63%
2005Adam GuettelThe Light in the Piazza
63%
1965Jerry Bock & Sheldon HarnickFiddler on the Roof
59%
1992William FinnFalsettos
56%
2010David Bryan, Bryan & Joe DiPietroMemphis
56%
1982Maury YestonNine
56%
1963Lionel BartOliver!
56%
2014Jason Robert BrownThe Bridges of Madison County
56%
1993John Kander & Fred EbbThe Kiss of the Spider Woman
56%
1984Jerry HermanLa Cage aux Folles
54%
1990Cy Coleman & David ZippelCity of Angels
51%
1991Cy Coleman, Betty Comden, & Adolph GreenThe Will Rogers Follies
51%
1985Roger MillerBig River
46%
1986Rupert HolmesThe Mystery of Edwin Drood
44%
1993Pete TownshendThe Who's Tommy
44%
1975Charlie SmallsThe Wiz
44%
2002Mark Hollmann & Greg KotisUrinetown
44%
1966Mitch Leigh & Joe DarionMan of La Mancha
39%
1974Frederick Loewe & Alan Jay LernerGigi
37%
1968Jule Styne, Betty Comden, & Adolph GreenHallelujah, Baby!
37%
1962Richard RodgersNo Strings
37%
1947Kurt Weill & Langston HughesStreet Scene
37%
1951Irving BerlinCall Me Madam
34%
1978Cy Coleman, Betty Comden, & Adolph GreenOn the Twentieth Century
34%
2006Lisa Lambert & Greg MorrisonThe Drowsy Chaperone
32%
1981John Kander & Fred EbbWoman of the Year
32%

Score Distribution

Percentile by Number Answered

Percent of People with Each Score

Your Score History

You have not taken this quiz